| 000 | ncm a22 a 4500 | ||
|---|---|---|---|
| 999 |
_c366031 _d366031 |
||
| 003 | BLK | ||
| 005 | 20200603112343.0 | ||
| 008 | 200603b bu ||||| |||| 00| 0 bu d | ||
| 040 | _aBLK | ||
| 041 |
_aRUS _cRUS |
||
| 080 |
_aМузика за акордеон _b786.8 _z786.8 |
||
| 139 |
_aПедагогический репертуар аккордеониста. 1-2 классы детских музыкальных школ _bП 32 |
||
| 245 |
_aПедагогический репертуар аккордеониста _b1-2 классы детских музыкальных школ _cСъстав. и ред. В. Алехина и В. Грачева _nВыпуск 5 |
||
| 260 |
_9402764 _aМосква _bМузыка _c1975 |
||
| 300 |
_a43 с. _c30 см |
||
| 380 | _a7 | ||
| 490 |
_9208671 _aПедагогический репертуар |
||
| 650 | 7 |
_9146646 _aАкордеон |
|
| 653 | 7 |
_9180518 _aакордеон |
|
| 700 |
_91529 _aАлехина, В. _eсъстав. и ред. |
||
| 700 |
_91529 _aГрачева, В. _eсъстав. и ред. |
||
| 852 | _aЦб М ІІ 7065 | ||
| 942 |
_cNOT _n0 _s1 |
||
| 944 |
_aCR _c2020-06-03 _kМоника Янева _l2020-06-03 |
||
| 999 | _d366029 | ||